Normal view
MARC view
Entry Personal Name
001 - CONTROL NUMBER
- control field: 1069795
003 - CONTROL NUMBER IDENTIFIER
- control field:
005 - DATE AND TIME OF LATEST TRANSACTION
- control field: 20210627164626.0
008 - FIXED-LENGTH DATA ELEMENTS
- fixed length control field: 210627|| aca||aabn | a|a d
040 ## - CATALOGING SOURCE
- Original cataloging agency:
- Transcribing agency:
100 ## - HEADING--PERSONAL NAME
- Personal name: Juneja, Maheep Singh
670 ## - SOURCE DATA FOUND
- Source citation: Work cat.: ()1046130: Eminent intellectuals, scholars, educationists 1069794, Convocation addresses /, c1991
